Cuando Tina berrea / (Registro nro. 8900)

Detalles MARC
000 -LEADER
fixed length control field 00944nam a2200337 4500
001 - CONTROL NUMBER
control field 409132
003 - CONTROL NUMBER IDENTIFIER
control field DO-SdBNP
005 - DATE AND TIME OF LATEST TRANSACTION
control field 20180221100844.0
007 - PHYSICAL DESCRIPTION FIXED FIELD--GENERAL INFORMATION
fixed length control field 409132
008 - FIXED-LENGTH DATA ELEMENTS--GENERAL INFORMATION
fixed length control field 940704s1992 sp | |||| ||spa
016 7# - NATIONAL BIBLIOGRAPHIC AGENCY CONTROL NUMBER
Record control number
Source BPMSU
017 ## - COPYRIGHT OR LEGAL DEPOSIT NUMBER
Copyright or legal deposit number
Assigning agency
020 ## - INTERNATIONAL STANDARD BOOK NUMBER
International Standard Book Number 8434811685
035 ## - SYSTEM CONTROL NUMBER
System control number
040 ## - CATALOGING SOURCE
Original cataloging agency BPMSU
Language of cataloging spa
Transcribing agency BPMSU
Description conventions
041 1# - LANGUAGE CODE
Language code of text/sound track or separate title spa
Language code of original
080 #0 - UNIVERSAL DECIMAL CLASSIFICATION NUMBER
Universal Decimal Classification number
100 1# - MAIN ENTRY--PERSONAL NAME
Personal name Röhrig, Tilman
240 10 - UNIFORM TITLE
Uniform title <a href="Wenn Tina brüllt.">Wenn Tina brüllt.</a>
Language of a work Español
245 10 - TITLE STATEMENT
Title Cuando Tina berrea /
Statement of responsibility, etc. Tilman Röhrig ; ilustraciones de Manfred Limmroth ; traducción, Jesús Larriba.
Medium
250 ## - EDITION STATEMENT
Edition statement 10ª ed.
260 ## - PUBLICATION, DISTRIBUTION, ETC. (IMPRINT)
Place of publication, distribution, etc. Madrid :
Name of publisher, distributor, etc. SM,
Date of publication, distribution, etc. 1992.
300 ## - PHYSICAL DESCRIPTION
Extent 64 p.:
Other physical details il. ;
Dimensions 19 cm.
490 1# - SERIES STATEMENT
Series statement El barco de vapor
Volume/sequential designation 4
700 12 - ADDED ENTRY--PERSONAL NAME
Personal name Limmroth, Manfred,
Relator code il.
700 12 - ADDED ENTRY--PERSONAL NAME
Personal name Larriba, Jesús,
Relator term tr.
830 #0 - SERIES ADDED ENTRY--UNIFORM TITLE
Uniform title El barco de vapor, blanca
Volume number/sequential designation 46
942 ## - ADDED ENTRY ELEMENTS (KOHA)
Source of classification or shelving scheme Dewey Decimal Classification
Koha item type Libros
945 ## - LOCAL PROCESSING INFORMATION (OCLC)
a Inventariado, 2018 /LP
956 ## - LOCAL ELECTRONIC LOCATION AND ACCESS (OCLC)
Host name VMATEO
Access method 10
Materials specified 20151125
Linkage BPMSU
Field link and sequence number 00151
Existencias
Withdrawn status Lost status Source of classification or shelving scheme Damaged status Not for loan Collection code Home library Current library Date acquired Source of acquisition Total Checkouts Barcode Date last seen Price effective from Koha item type
    Dewey Decimal Classification     Colección Infantil General Biblioteca Pública Metropolitana Salomé Ureña Biblioteca Pública Metropolitana Salomé Ureña 11/25/2015 Donación   BPMSU18020215 11/25/2015 11/25/2015 Libros